Inside teaching: options for english language teachers

Uloženo v:
Podrobná bibliografie
Hlavní autoři: Bowen, Tim (Autor), Marks, Jonathan (Autor)
Médium: Kniha
Jazyk:angličtina
Vydáno: Oxford Macmillan Education 1994
Edice:The Teacher Development Series
Témata:
Tagy: Přidat tag
Žádné tagy, Buďte první, kdo vytvoří štítek k tomuto záznamu!

MARC

LEADER 00000nam a2200000 a 4500
001 UCL9962
003 CL-VaPUC
008 040903e19940000UK |||||||||||||||||eng|d
020 |a 0435240889 
082 0 4 |a 428  |b BOW  |2 21 
100 0 |a Bowen, Tim  |e author  |9 487914 
700 0 |a Marks, Jonathan  |e author  |9 487915 
245 1 0 |a Inside teaching: options for english language teachers 
300 |a 176 p 
942 |c BK 
945 |d 20040903 00:00:00  |a cmena 
260 |a Oxford  |b Macmillan Education  |c 1994 
650 0 |a Enseñanza del inglés  |9 367340 
650 0 |a Lengua inglesa  |9 318842 
650 0 |a Formación profesional de profesores  |9 307493 
650 0 |a Métodos de enseñanza  |9 270413 
583 |a last modification  |c 20040903 00:00:00  |k Rodrigo Vera 
490 0 |a The Teacher Development Series 
999 |c 310577  |d 310575 
952 |0 0  |1 0  |4 0  |6 428_000000000000000_BOW_1994  |7 0  |8 A  |9 379194  |a BIBEDU  |b BIBEDU  |d 2019-11-21  |i 4059204  |o 428 BOW 1994  |p 4059204  |r 2019-11-21  |w 2019-11-21  |y BK  |k LIT